Southernmost Point of Every European Country - Statistics

General Stats
  • This quiz has been taken 48 times
  • The average score is 33 of 45
Answer Stats
Country Latitude % Correct
Greece 34°49'N
100%
Italy 35°30'N
97%
Albania 39°39′N
92%
Malta 35°47'N
92%
Portugal 36°57'N
92%
Spain 36°00'N
92%
North Macedonia 40°52′N
86%
Denmark 54°34'N
75%
Iceland 63°17'N
75%
Lithuania 53°54'N
75%
Belgium 49°30'N
72%
Estonia 57°31'N
72%
Finland 59°30'N
72%
Ireland 51°23'N
72%
Latvia 55°40'N
72%
Luxembourg 49°27'N
72%
Netherlands 50°45'N
72%
Norway 57°57'N
72%
United Kingdom 49°52'N
72%
Belarus 51°15'N
69%
Czech Republic 48°33'N
69%
Kosovo 41°52'N
69%
Monaco 43°44'N
69%
Montenegro 41°51′N
69%
Poland 49°00'N
69%
San Marino 43°54'N
69%
Slovakia 47°44'N
69%
Sweden 55°20'N
69%
Vatican City 41°54′N
69%
Austria 46°23'N
67%
Bosnia and Herzegovina 42°34'N
67%
Bulgaria 41°15′N
67%
Croatia 42°23'N
67%
France 41°20′N
67%
Hungary 45°45'N
67%
Romania 43°38'N
67%
Serbia 42°13′N
67%
Slovenia 45°25'N
67%
Ukraine 45°20'N
67%
Andorra 42°26'N
64%
Germany 47°17'N
64%
Liechtenstein 47°03'N
64%
Moldova 45°28'N
64%
Switzerland 45°50'N
64%
Russia 41°11′N
61%
No matching quizzes found
Score Distribution
Percent of People with Each Score
Percentile by Number Answered
Your Score History
You have not taken this quiz